000 00833nam a2200253 i 4500
001 000017917
003 DO-SdBNP
005 20240116145048.0
007 ta
008 100407s2003 dr a 000 0 spa d
040 _aDO-SdBNP
_bspa
_cBNPHU
_erda
049 _aBNPD
082 4 _bC385c
_222
100 1 _aCayado, Julio Santos,
_938868
_eautor
245 1 0 _aCambios meteorológicos, evidencias en eventos extremos /
_cJulio Santos-Cayado
264 _aSanto Domingo :
_bAcademia de Ciencias de la República Dominicana
_c2003.
300 _a45 páginas :
_bilustraciones ;
_c23 cm.
336 _2rdacontent
_atexto
_btxt
337 _2rdamedia
_asin medición
_bn
338 _2rdacarrier
_avolumen
_bnc
500 _aIncluye datos biográficos del autor en la contraportada
590 _aInventariado, 2024/BT
942 _2ddc
_cLF2
999 _c17441
_d17441